00283nam a2200109 4500008004100000100001900041245004700060260000900107300001300116650001000129773003400139190525b ||||| |||| 00| 0 eng d aGoli, Srinivas aUnreliable estimates of child malnutrition c2019 ap.64-67. aChild aEconomic and Political Weekly